EDUCATIONAL PSYCHOLOGY (Record no. 216071)

MARC details
000 -LEADER
fixed length control field 00460nam a22001577a 4500
008 - FIXED-LENGTH DATA ELEMENTS--GENERAL INFORMATION
fixed length control field 250905b |||||||| |||| 00| 0 eng d
020 ## - INTERNATIONAL STANDARD BOOK NUMBER
International Standard Book Number 13: 978-0-13-2359989-4
050 ## - LIBRARY OF CONGRESS CALL NUMBER
Classification number LB 1051 .O76 2008
Item number C.1
100 ## - MAIN ENTRY--PERSONAL NAME
Personal name Jeanne Ellis Ormrod
245 ## - TITLE STATEMENT
Title EDUCATIONAL PSYCHOLOGY
Remainder of title : Developing Learners
250 ## - EDITION STATEMENT
Edition statement Sixth Edition
260 ## - PUBLICATION, DISTRIBUTION, ETC.
Place of publication, distribution, etc. Australia
Name of publisher, distributor, etc. Pearson Merrill Prentice Hall
Date of publication, distribution, etc. 2008
300 ## - PHYSICAL DESCRIPTION
Extent 627pages
942 ## - ADDED ENTRY ELEMENTS (KOHA)
Source of classification or shelving scheme Library of Congress Classification
Koha item type Long Loan Book
Holdings
Withdrawn status Lost status Source of classification or shelving scheme Damaged status Not for loan Collection Home library Current library Shelving location Date acquired Inventory number Total checkouts Full call number Barcode Date last seen Date last checked out Price effective from Koha item type
    Library of Congress Classification     Arts & Social Sciences Kisii University Library Kisii University Library On Display 09/05/2025 71742 1 LB 1051 .O76 2008 000000009913 09/13/2025 09/05/2025 09/05/2025 Long Loan Book